|
|
|
|
| LEADER |
00000nam a2200000 a 4500 |
| 001 |
vtls001091298 |
| 003 |
SK-MaSNL |
| 005 |
20260301001101.0 |
| 008 |
180815s1983 xo 0 slo |
| 015 |
|
|
|a SNBA1983/05
|
| 035 |
|
|
|a SNK000034140
|
| 040 |
|
|
|a SNK
|b slo
|c SNK
|e AACR2
|
| 041 |
0 |
|
|a slo
|
| 044 |
|
|
|a xo
|c SK
|
| 080 |
|
|
|a 636.5.08(075.8)(076.5)
|2 1981
|
| 100 |
1 |
|
|a Halaj, Martin,
|d 1933-
|4 aut
|9 210166
|
| 245 |
1 |
0 |
|a Návody na cvičenia z chovu hydiny
|b Pre ZOO
|c Martin Halaj, Ľudmila Chmelničná, Ján Weis
|
| 250 |
|
|
|a 1. vyd.
|
| 260 |
|
|
|a Nitra
|b Vysoká škola poľnohospodárska
|c 1983
|e Nitra
|f Edičné stredisko VŠP
|
| 300 |
|
|
|a 167 s.
|b Tb. Sch.
|c 29 cm
|
| 366 |
|
|
|e 700 výtl.
|
| 490 |
1 |
|
|a Vysokoškolské učebné texty
|
| 650 |
0 |
7 |
|a hydina
|2 SNKPH
|9 2747
|
| 650 |
0 |
7 |
|a chov hydiny
|2 SNKPH
|9 31414
|
| 655 |
|
7 |
|a učebnice vysokých škôl
|2 SNKPH
|9 70191
|
| 655 |
|
7 |
|a praktické cvičenia
|2 SNKPH
|9 70517
|
| 700 |
1 |
|
|a Chmelničná, Ľudmila,
|d 1943-
|4 aut
|9 108339
|
| 700 |
1 |
|
|a Weis, Ján,
|d 1952-
|4 aut
|9 209479
|
| 810 |
2 |
|
|a Vysoká škola poľnohospodárska v Nitre
|t Vysokoškolské učebné texty
|9 278911
|
| 958 |
|
|
|a OND
|
| 958 |
|
|
|a RM
|
| 958 |
|
|
|a UV
|
| 999 |
|
|
|c 534136
|d 536066
|
| 952 |
|
|
|a SNK
|b SNK
|y PREZ
|7 0
|p 17A0782348
|o snkSB 35491
|0 0
|1 0
|4 0
|d 2012-03-15
|f 1
|l 0
|r 2025-04-11 00:00:00
|w 2026-02-23
|
| 952 |
|
|
|t P60, <04>, [BOOK], {604}
|a SNK
|b SNK
|y VYP
|7 0
|p 17A0238677
|o snkSB 35491 D1
|0 0
|1 0
|4 0
|d 2000-05-15
|l 0
|r 2004-12-31 00:00:00
|w 2026-02-23
|